| 000 | 00336nam a2200133Ia 4500 | ||
|---|---|---|---|
| 008 | 230312s9999||||xx |||||||||||||| ||und|| | ||
| 082 |
_a629.135 _bKAH-D |
||
| 100 | _aKahn;Aaron | ||
| 245 | 0 | _aDesign and development of a modular avionics system | |
| 260 |
_aUK _c2001 |
||
| 300 | _a130 | ||
| 650 |
_aEngineering _vAvionics |
||
| 942 | _cBK | ||
| 999 |
_c12627 _d12627 |
||